ARRUPE JESUIT UNIVERSITY

CORONAVIRUS -STOP THE SPREAD - CLEAN,DISINFECT,COVER

Perceptual peace (Record no. 14952)

MARC details
000 -LEADER
fixed length control field 00602nam a2200217Ia 4500
003 - CONTROL NUMBER IDENTIFIER
control field 0100
008 - FIXED-LENGTH DATA ELEMENTS--GENERAL INFORMATION
fixed length control field 130303s9999 xx 000 0 und d
020 ## - INTERNATIONAL STANDARD BOOK NUMBER
International Standard Book Number 262024284
040 ## - CATALOGING SOURCE
Transcribing agency ARRUPELIB
050 ## - LIBRARY OF CONGRESS CALL NUMBER
Classification number JZ552.P47 1997
300 ## - PHYSICAL DESCRIPTION
Other physical details 260p. 24cm.
245 ## - TITLE STATEMENT
Title Perceptual peace
245 ## - TITLE STATEMENT
Remainder of title essays on Kant's cosmopolitan ideal
260 ## - PUBLICATION, DISTRIBUTION, ETC. (IMPRINT)
Place of publication, distribution, etc Cambridge
260 ## - PUBLICATION, DISTRIBUTION, ETC. (IMPRINT)
Name of publisher, distributor, etc MIT Press
260 ## - PUBLICATION, DISTRIBUTION, ETC. (IMPRINT)
-- 1997
300 ## - PHYSICAL DESCRIPTION
Extent vi
440 ## - SERIES STATEMENT/ADDED ENTRY--TITLE
Title Studies in contemporary German social thought
700 ## - ADDED ENTRY--PERSONAL NAME
Personal name edited by James Bohman and Matthias Lutz-Bachmann , Bohman, JamesLutz-Bachmann, Matthias
942 00 - ADDED ENTRY ELEMENTS (KOHA)
Koha issues (borrowed), all copies 7
Holdings
Withdrawn status Lost status Source of classification or shelving scheme Damaged status Not for loan Collection code Home library Current library Shelving location Date acquired Total Checkouts Full call number Barcode Date last seen Date checked out Copy number Price effective from Koha item type
    Library of Congress Classification     Main Collection ARRUPE LIBRARY ARRUPE LIBRARY   04/03/2013 19 JZ552.P47 1997 46003050376 19/02/2020 31/01/2020 1 04/03/2013 Monograph ( Printed materials)

 

Arrupe Library. PO Box MP320 Mt Pleasant, Harare, Zimbabwe
263 242 745411|librarian@aju.ac.zw